000 00621nam a2200205Ia 4500
005 20250508162645.0
008 008 250505s9999 xx 000 0 eng d
020 _a81-85054-40-1
037 _aTextual
040 _aFEDL
_beng
_cFEDL
041 _aeng
_2eng
084 _a305.4, DAT
_qFEDL
100 _aDatta V. N.
245 0 _aSati : A historical, social and philosophical enquiry into the Hindu rite of widow burning
260 _aNew Delhi, India
_bManohar Publications
_c1988
300 _axvii,279p.
650 _aSocial Structure
942 _cTEXL
_h305.4, DAT
999 _c1377887
_d1377887